KOHA-Header-6

Computer Science (Record no. 9955)

000 -LEADER
fixed length control field 00230nam a2200109Ia 4500
020 ## - INTERNATIONAL STANDARD BOOK NUMBER
ISBN 978-0132569033
100 ## - MAIN ENTRY--AUTHOR NAME
Personal name J.Glenn Brookshear
245 #0 - TITLE STATEMENT
Title Computer Science
260 ## - PUBLICATION, DISTRIBUTION, ETC. (IMPRINT)
Place of publication India
Name of publisher Dorling
Year of publication 2004
300 ## - PHYSICAL DESCRIPTION
Number of Pages 380
942 ## - ADDED ENTRY ELEMENTS (KOHA)
Koha item type Books
Holdings
Withdrawn status Lost status Collection code Permanent Location Current Location Shelving location Date acquired Full call number Accession Number Koha item type
    Computer Science MAJU MAJU   2019-09-14 005.2 6007 Computer Science

Powered by Koha